[Event "Indische Dame Münster 1 - SK Königsspri"]
[Site "Verbandsklasse 2016/2017"]
[Date "2017.05.20"]
[Round "9.8"]
[White "Janocha, Hans-Dieter"]
[Black "Keller, Hansjürgen"]
[Result "1/2-1/2"]
[WhiteElo "1534"]
[BlackElo "1620"]
[PlyCount "34"]
[EventDate "2017.??.??"]
[SourceDate "2016.10.13"]

1. Nf3 d5 2. d3 Nf6 3. Nbd2 e6 4. g3 c5 5. c4 Nc6 6. Bg2 Be7 7. O-O O-O 8. a3
b6 9. b3 Bb7 10. Bb2 Qc7 11. cxd5 exd5 12. Nh4 Rad8 13. Nf5 Rfe8 14. Nf3 d4 15.
Nxe7+ Qxe7 16. Re1 Qd6 17. Qd2 h6 1/2-1/2

[Event "SC Klein-Berlin Rheine 2 - Schach Nienb"]
[Site "Verbandsklasse 2016/2017"]
[Date "2017.05.20"]
[Round "9.1"]
[White "da Costa Campos, André"]
[Black "Ratert, Matthias"]
[Result "1/2-1/2"]
[WhiteElo "1909"]
[BlackElo "1864"]
[PlyCount "30"]
[EventDate "2017.??.??"]
[SourceDate "2016.10.13"]

1. e4 e5 2. Nf3 Nf6 3. Nxe5 d6 4. Nf3 Nxe4 5. Nc3 Nxc3 6. dxc3 Be7 7. Be3 Nc6
8. Qd2 O-O 9. O-O-O Ne5 10. h4 Be6 11. h5 c5 12. h6 g6 13. Ng5 Qa5 14. a3 Nc4
15. Bxc4 Bxc4 1/2-1/2

[Event "SC Klein-Berlin Rheine 2 - Schach Nienb"]
[Site "Verbandsklasse 2016/2017"]
[Date "2017.05.20"]
[Round "9.3"]
[White "Kluczka, Konrad"]
[Black "van Dijk, Guido"]
[Result "1/2-1/2"]
[WhiteElo "1817"]
[BlackElo "1712"]
[PlyCount "34"]
[EventDate "2017.??.??"]
[SourceDate "2016.10.13"]

1. e4 c6 2. Nf3 d5 3. Nc3 dxe4 4. Nxe4 Nf6 5. Nxf6+ exf6 6. Bc4 Bd6 7. Qe2+ Qe7
8. Qxe7+ Kxe7 9. O-O Re8 10. Re1+ Kf8 11. Rxe8+ Kxe8 12. d4 Bf5 13. c3 Nd7 14.
Bd2 Kf8 15. Re1 Re8 16. h3 Rxe1+ 17. Nxe1 Be6 1/2-1/2

[Event "SC Klein-Berlin Rheine 2 - Schach Nienb"]
[Site "Verbandsklasse 2016/2017"]
[Date "2017.05.20"]
[Round "9.5"]
[White "Dirks, Frank"]
[Black "Miethe, Christoph"]
[Result "0-1"]
[WhiteElo "1782"]
[BlackElo "1695"]
[PlyCount "52"]
[EventDate "2017.??.??"]
[SourceDate "2016.10.13"]

1. e4 e5 2. Nc3 d6 3. g3 Nf6 4. Bg2 Nc6 5. Nh3 h6 6. O-O Be7 7. d3 g5 8. f4 Bg4
9. Qd2 gxf4 10. gxf4 Qd7 11. Nf2 O-O-O 12. h3 Bh5 13. Nfd1 Rhg8 14. Kh1 Bxd1
15. Qxd1 Rg3 16. f5 Rdg8 17. Rf2 h5 18. Ne2 R3g7 19. Be3 d5 20. Qd2 dxe4 21.
Bxe4 Nxe4 22. dxe4 Qxd2 23. Bxd2 Bc5 24. Rh2 Nd4 25. c3 Nf3 26. Rd1 Nxh2 0-1

[Event "SC Klein-Berlin Rheine 2 - Schach Nienb"]
[Site "Verbandsklasse 2016/2017"]
[Date "2017.05.20"]
[Round "9.6"]
[White "Huesmann, Stephan"]
[Black "Van de Vyle, Jan"]
[Result "0-1"]
[WhiteElo "1687"]
[BlackElo "1764"]
[PlyCount "64"]
[EventDate "2017.??.??"]
[SourceDate "2016.10.13"]

1. e4 e5 2. Bc4 Nf6 3. Nc3 Bc5 4. d3 Nc6 5. Bg5 h6 6. Be3 Bxe3 7. fxe3 Na5 8.
Bb3 Nxb3 9. axb3 c6 10. Nf3 d6 11. O-O O-O 12. Qe1 Ng4 13. h3 Nf6 14. Nh4 Kh7
15. Nf5 Ng8 16. Rf3 g6 17. Nh4 Qg5 18. Qf2 Be6 19. Rf1 f6 20. Kh2 Rf7 21. g4
Raf8 22. Ne2 Ne7 23. Ng1 f5 24. exf5 gxf5 25. Nxf5 Nxf5 26. gxf5 Rxf5 27. Qg3
Qxg3+ 28. Kxg3 Rg8+ 29. Kh2 Rfg5 30. Kh1 Rg2 31. Rf6 R8g6 32. h4 Rxg1+ 0-1

[Event "SC Klein-Berlin Rheine 2 - Schach Nienb"]
[Site "Verbandsklasse 2016/2017"]
[Date "2017.05.20"]
[Round "9.7"]
[White "Scharlow, Siegmar"]
[Black "Pohlmeier, Ulrich"]
[Result "1/2-1/2"]
[WhiteElo "1719"]
[BlackElo "1588"]
[PlyCount "54"]
[EventDate "2017.??.??"]
[SourceDate "2016.10.13"]

1. d4 Nf6 2. c4 e6 3. Nc3 Bb4 4. e3 O-O 5. Bd3 d5 6. Nf3 dxc4 7. Bxc4 b6 8. O-O
Bxc3 9. bxc3 Bb7 10. Bd3 Nbd7 11. Re1 c5 12. e4 cxd4 13. cxd4 Rc8 14. e5 Bxf3
15. Qxf3 Nd5 16. Ba3 Re8 17. Rac1 Qg5 18. Bb5 Qd8 19. Rxc8 Qxc8 20. Rc1 Qd8 21.
Bc6 Ne7 22. Be4 f5 23. Bc6 Nxc6 24. Qxc6 Nb8 25. Qa4 a6 26. Bd6 b5 27. Qa3 Qb6
1/2-1/2

[Event "SC Klein-Berlin Rheine 2 - Schach Nienb"]
[Site "Verbandsklasse 2016/2017"]
[Date "2017.05.20"]
[Round "9.8"]
[White "Engfer, Klaus"]
[Black "Nürenberg, Bernd"]
[Result "1/2-1/2"]
[WhiteElo "1554"]
[BlackElo "1682"]
[PlyCount "60"]
[EventDate "2017.??.??"]
[SourceDate "2016.10.13"]

1. e4 c5 2. Nf3 Nc6 3. d4 cxd4 4. Nxd4 g6 5. Bc4 Bg7 6. Nxc6 bxc6 7. O-O Bb7 8.
c3 Nf6 9. Bxf7+ Kxf7 10. Qb3+ e6 11. Qxb7 Nxe4 12. Rd1 Nc5 13. Qb4 Qe7 14. Be3
d6 15. Bxc5 dxc5 16. Qf4+ Bf6 17. Nd2 Kg7 18. Ne4 Rhf8 19. Qd6 Rfd8 20. Qxc5
Qxc5 21. Nxc5 Kf7 22. Rxd8 Rxd8 23. Ne4 Be7 24. Kf1 e5 25. Ke2 Ke6 26. Rd1 Rd5
27. f3 a5 28. c4 Rd4 29. Rxd4 exd4 30. Kd3 c5 1/2-1/2

[Event "SK Metelen 1 - SF Beelen 2"]
[Site "Verbandsklasse 2016/2017"]
[Date "2017.05.20"]
[Round "9.1"]
[White "Fuisting, Dominik"]
[Black "Schudro, Vasily"]
[Result "0-1"]
[WhiteElo "1737"]
[BlackElo "2075"]
[PlyCount "100"]
[EventDate "2017.??.??"]
[SourceDate "2016.10.13"]

1. d4 Nf6 2. c3 d5 3. Bf4 Bf5 4. e3 e6 5. Bd3 Bg6 6. Nf3 Bd6 7. Bxd6 cxd6 8.
Qc2 Nc6 9. Nbd2 Rc8 10. Rc1 O-O 11. Bxg6 hxg6 12. O-O b5 13. Qd3 Qb6 14. Nb3
Ne4 15. Nfd2 f5 16. Qe2 a5 17. Nxe4 dxe4 18. c4 a4 19. Nd2 Nb4 20. cxb5 d5 21.
b3 Nxa2 22. Rxc8 Rxc8 23. bxa4 Nc3 24. Qe1 Nxa4 25. Qa1 Nc3 26. Qa6 Rb8 27. Nb3
Qxa6 28. bxa6 Rxb3 29. Ra1 Nb5 30. h3 Na7 31. Kh2 Rb6 32. Kg3 Kf7 33. Ra2 Kf6
34. h4 Rd6 35. Kf4 Rd8 36. g4 fxg4 37. Kxg4 Ra8 38. h5 gxh5+ 39. Kxh5 Nc6 40.
Kg4 Nb4 41. Rb2 Nxa6 42. f3 exf3 43. Rf2 Nb4 44. Rxf3+ Ke7 45. Rg3 Kd6 46. Kh5
Ra3 47. Rxg7 Rxe3 48. Ra7 Re4 49. Kg5 Nc6 50. Ra6 Rxd4 0-1

[Event "SK Metelen 1 - SF Beelen 2"]
[Site "Verbandsklasse 2016/2017"]
[Date "2017.05.20"]
[Round "9.2"]
[White "Bernink, Henk"]
[Black "Hanewinkel, Christian"]
[Result "1-0"]
[WhiteElo "2107"]
[BlackElo "1672"]
[PlyCount "45"]
[EventDate "2017.??.??"]
[SourceDate "2016.10.13"]

1. d4 Nf6 2. c4 c5 3. d5 b5 4. cxb5 a6 5. Nc3 axb5 6. e4 b4 7. Nb5 d6 8. Bc4
Nbd7 9. Qe2 Ne5 10. b3 Qb6 11. Bb2 Nxc4 12. bxc4 Bd7 13. Nf3 Bxb5 14. cxb5 g6
15. Nd2 Rb8 16. Nc4 Qxb5 17. e5 Nxd5 18. exd6 Nc3 19. Bxc3 bxc3 20. Rd1 Qb4 21.
O-O c2 22. Qxc2 exd6 23. Rb1 1-0

[Event "SK Metelen 1 - SF Beelen 2"]
[Site "Verbandsklasse 2016/2017"]
[Date "2017.05.20"]
[Round "9.3"]
[White "Hofene, Werner"]
[Black "Koch, Alexander"]
[Result "1-0"]
[WhiteElo "1749"]
[BlackElo "2031"]
[PlyCount "50"]
[EventDate "2017.??.??"]
[SourceDate "2016.10.13"]

1. f4 d5 2. Nf3 Nf6 3. b3 c5 4. e3 a6 5. Bb2 Nc6 6. Be2 Bf5 7. Ne5 Nxe5 8. fxe5
Nd7 9. O-O e6 10. d4 Rc8 11. c4 dxc4 12. bxc4 Qb6 13. Bc3 cxd4 14. exd4 Bb4 15.
Kh1 O-O 16. Qd2 Bxc3 17. Nxc3 Rfd8 18. Qf4 Qb4 19. Ne4 Qb2 20. Qe3 Bxe4 21.
Qxe4 Nf8 22. Rab1 Qxd4 23. Qxb7 Nd7 24. Rbd1 Qxe5 25. Rxd7 Qxe2 1-0

[Event "SK Metelen 1 - SF Beelen 2"]
[Site "Verbandsklasse 2016/2017"]
[Date "2017.05.20"]
[Round "9.4"]
[White "Zachej, Arne"]
[Black "Wältermann, Thomas"]
[Result "1/2-1/2"]
[WhiteElo "1879"]
[BlackElo "1742"]
[PlyCount "32"]
[EventDate "2017.??.??"]
[SourceDate "2016.10.13"]

1. e4 c5 2. Nf3 d6 3. Bb5+ Bd7 4. Bxd7+ Nxd7 5. O-O g6 6. c3 Bg7 7. d4 Qc7 8.
Re1 Rc8 9. Be3 Ngf6 10. Nbd2 O-O 11. h3 b5 12. Bg5 e5 13. g4 cxd4 14. cxd4 Qc2
15. dxe5 Nxe5 16. Nxe5 dxe5 1/2-1/2

[Event "SK Metelen 1 - SF Beelen 2"]
[Site "Verbandsklasse 2016/2017"]
[Date "2017.05.20"]
[Round "9.5"]
[White "Radinger, Rudolf"]
[Black "Grotenhuis, Gerard"]
[Result "0-1"]
[WhiteElo "1634"]
[BlackElo "1871"]
[PlyCount "150"]
[EventDate "2017.??.??"]
[SourceDate "2016.10.13"]

1. e4 d5 2. exd5 Qxd5 3. Nc3 Qd6 4. Nf3 Nf6 5. d4 Bg4 6. Be2 Nc6 7. O-O h6 8.
Nb5 Qd7 9. c3 a6 10. Na3 O-O-O 11. Nc4 e6 12. Nce5 Nxe5 13. Nxe5 Bxe2 14. Qxe2
Qe8 15. Bf4 g5 16. Bg3 Nd5 17. Rfe1 h5 18. h3 f5 19. Bh2 g4 20. Nd3 gxh3 21.
Qxe6+ Qxe6 22. Rxe6 Rg8 23. Bg3 Bd6 24. Bxd6 Rxg2+ 25. Kh1 cxd6 26. Rae1 Rg4
27. Kh2 Kd7 28. Rh6 Nf4 29. Nxf4 Rxf4 30. Re2 Rg8 31. Kxh3 Rg1 32. Kh2 Rg5 33.
Kh3 Re4 34. Rxe4 fxe4 35. Rh7+ Kc6 36. Rf7 Rg1 37. Rf4 Re1 38. Kh4 d5 39. a4
Rb1 40. Rf6+ Kc7 41. Rf7+ Kb6 42. b4 a5 43. Rf6+ Ka7 44. bxa5 Rb3 45. a6 b6 46.
Rc6 Rb2 47. c4 dxc4 48. Rxc4 Rxf2 49. d5 Rd2 50. Rxe4 Rxd5 51. Rf4 Kxa6 52. Re4
Ka5 53. Rf4 Rd1 54. Kxh5 Ra1 55. Kg5 Rxa4 56. Rf8 b5 57. Ra8+ Kb4 58. Rb8 Kc4
59. Kf4 Kd3+ 60. Kf3 b4 61. Rd8+ Kc2 62. Rc8+ Kb2 63. Ke2 b3 64. Kd2 Rd4+ 65.
Ke3 Rd6 66. Rb8 Kc2 67. Rc8+ Kb1 68. Rb8 b2 69. Rb7 Kc2 70. Rc7+ Kd1 71. Rb7
Rd2 72. Rb6 Ke1 73. Rh6 Kd1 74. Rb6 Kc1 75. Rc6+ Rc2 0-1

[Event "SK Metelen 1 - SF Beelen 2"]
[Site "Verbandsklasse 2016/2017"]
[Date "2017.05.20"]
[Round "9.6"]
[White "Wigger, Frank"]
[Black "Hofene, Markus"]
[Result "1-0"]
[WhiteElo "1800"]
[BlackElo "1646"]
[PlyCount "71"]
[EventDate "2017.??.??"]
[SourceDate "2016.10.13"]

1. e4 e6 2. d4 d5 3. Nd2 Nf6 4. e5 Nfd7 5. Bd3 c5 6. c3 Nc6 7. Ngf3 Qb6 8. O-O
cxd4 9. cxd4 Nxd4 10. Nxd4 Qxd4 11. Nf3 Qb6 12. Qa4 Qb4 13. Qc2 Qc5 14. Qa4 Qb4
15. Qc2 Qc5 16. Qe2 b6 17. Be3 Qc7 18. Rac1 Qb7 19. Bb5 Qb8 20. Rc2 a6 21. Bc6
Ra7 22. Rfc1 Be7 23. Bxd5 O-O 24. Nd4 Nxe5 25. Bf4 Bd6 26. Bxe5 Bxe5 27. Nc6
Bxh2+ 28. Kh1 Qf4 29. Qh5 Rd7 30. Bf3 Rd2 31. Ne7+ Kh8 32. Rxc8 Rdd8 33. Qxh2
Qg5 34. Qc7 Qd2 35. Rxd8 Rxd8 36. Qxd8+ 1-0

[Event "SK Metelen 1 - SF Beelen 2"]
[Site "Verbandsklasse 2016/2017"]
[Date "2017.05.20"]
[Round "9.7"]
[White "Grothues, Fabian"]
[Black "Denkler, Jürgen"]
[Result "1/2-1/2"]
[WhiteElo "1606"]
[BlackElo "1682"]
[PlyCount "40"]
[EventDate "2017.??.??"]
[SourceDate "2016.10.13"]

1. e4 e6 2. d4 d5 3. exd5 exd5 4. Bd3 Nf6 5. c3 Be7 6. Nf3 O-O 7. O-O b6 8. Be3
c5 9. b3 Nc6 10. Nbd2 Ng4 11. Qe2 Nxe3 12. Qxe3 cxd4 13. Nxd4 Nxd4 14. cxd4 Bf6
15. Nf3 Qd6 16. h3 Bb7 17. Rfe1 Rac8 18. Rac1 g6 19. Rxc8 Rxc8 20. Rc1 Qd8
1/2-1/2

[Event "SK Metelen 1 - SF Beelen 2"]
[Site "Verbandsklasse 2016/2017"]
[Date "2017.05.20"]
[Round "9.8"]
[White "Knocks, Elmar"]
[Black "Korthaus, Christian"]
[Result "1-0"]
[WhiteElo "1671"]
[BlackElo "1071"]
[PlyCount "63"]
[EventDate "2017.??.??"]
[SourceDate "2016.10.13"]

1. c4 Nf6 2. Nc3 e6 3. d4 d5 4. Bg5 Bb4 5. e3 c6 6. a3 Ba5 7. Bd3 Nbd7 8. b4
Bc7 9. Nge2 h6 10. Bh4 a5 11. Bg3 Nh5 12. O-O Nxg3 13. Nxg3 Nf6 14. f4 O-O 15.
b5 Bd7 16. Nh5 Qe7 17. Qf3 b6 18. Qh3 Bd6 19. Rf3 e5 20. Nxf6+ Qxf6 21. Qxd7 e4
22. Nxe4 dxe4 23. Bxe4 Rfd8 24. Qxc6 Rab8 25. Rg3 Qe7 26. c5 bxc5 27. dxc5 Bxc5
28. Qxh6 Bxe3+ 29. Kh1 f5 30. Bxf5 Rxb5 31. Be6+ Kf8 32. Qh8# 1-0

[Event "SG Turm Raesfeld/Erle 2 - SF Neuenkirch"]
[Site "Verbandsklasse 2016/2017"]
[Date "2017.05.20"]
[Round "9.2"]
[White "Fasselt, Hendrik"]
[Black "Nordholt, Uwe"]
[Result "1/2-1/2"]
[WhiteElo "1822"]
[BlackElo "1895"]
[PlyCount "43"]
[EventDate "2017.??.??"]
[SourceDate "2016.10.13"]

1. b3 d5 2. Bb2 Nf6 3. e3 c5 4. Nf3 Bg4 5. Be2 Nc6 6. O-O Bxf3 7. Bxf3 e5 8. d3
Be7 9. Nd2 O-O 10. Re1 Qc7 11. a3 Rad8 12. Qe2 Rfe8 13. c4 d4 14. e4 Qb6 15.
Reb1 h6 16. Bc1 Nh7 17. g3 Ng5 18. Bg2 Rf8 19. Nf3 Nxf3+ 20. Bxf3 Qc7 21. Bd2
a5 22. Bg2 1/2-1/2

[Event "SG Turm Raesfeld/Erle 2 - SF Neuenkirch"]
[Site "Verbandsklasse 2016/2017"]
[Date "2017.05.20"]
[Round "9.3"]
[White "Rengers, Rainer"]
[Black "Brömmel, Chris"]
[Result "1/2-1/2"]
[WhiteElo "1752"]
[BlackElo "1779"]
[PlyCount "26"]
[EventDate "2017.??.??"]
[SourceDate "2016.10.13"]

1. d4 c6 2. c4 d6 3. Nf3 Qc7 4. Nc3 e5 5. e4 Nf6 6. h3 Be7 7. Be2 O-O 8. Be3
Rd8 9. O-O Nbd7 10. b4 Nf8 11. d5 a5 12. a3 Bd7 13. Qc2 cxd5 1/2-1/2

[Event "SG Turm Raesfeld/Erle 2 - SF Neuenkirch"]
[Site "Verbandsklasse 2016/2017"]
[Date "2017.05.20"]
[Round "9.5"]
[White "Ternes, Joachim"]
[Black "Suer, Julian"]
[Result "1/2-1/2"]
[WhiteElo "1606"]
[BlackElo "1730"]
[PlyCount "29"]
[EventDate "2017.??.??"]
[SourceDate "2016.10.13"]

1. e4 d5 2. exd5 Qxd5 3. Nc3 Qa5 4. d4 Nf6 5. Nf3 Bf5 6. Bc4 e6 7. Bd2 c6 8.
Qe2 Bb4 9. O-O O-O 10. a3 Bxc3 11. Bxc3 Qc7 12. Bd3 Nbd7 13. h3 Nd5 14. Bd2 Nf4
15. Bxf4 1/2-1/2

[Event "SG Turm Raesfeld/Erle 2 - SF Neuenkirch"]
[Site "Verbandsklasse 2016/2017"]
[Date "2017.05.20"]
[Round "9.6"]
[White "Droste, Laurenz"]
[Black "Winter, Reinhold"]
[Result "1/2-1/2"]
[WhiteElo "1648"]
[BlackElo "1567"]
[PlyCount "34"]
[EventDate "2017.??.??"]
[SourceDate "2016.10.13"]

1. f4 e6 2. Nf3 Nf6 3. b3 d5 4. Bb2 Be7 5. e3 Nbd7 6. c4 c6 7. Nc3 O-O 8. Be2
Ne4 9. O-O Bf6 10. Qc2 Nxc3 11. Bxc3 Bxc3 12. Qxc3 Qf6 13. d4 Qe7 14. c5 f5 15.
Qe1 b6 16. b4 Bb7 17. Qg3 Qf6 1/2-1/2

[Event "SG Turm Raesfeld/Erle 2 - SF Neuenkirch"]
[Site "Verbandsklasse 2016/2017"]
[Date "2017.05.20"]
[Round "9.7"]
[White "Barlage, Stefan"]
[Black "Cvetkovic, Reinhard"]
[Result "1/2-1/2"]
[WhiteElo "1123"]
[BlackElo "1663"]
[PlyCount "20"]
[EventDate "2017.??.??"]
[SourceDate "2016.10.13"]

1. e4 d6 2. Nc3 Nf6 3. d3 g6 4. Nf3 Bg7 5. Be2 O-O 6. O-O c6 7. h3 a6 8. Be3 h6
9. Qd2 Kh7 10. Rab1 a5 1/2-1/2

[Event "SG Turm Raesfeld/Erle 2 - SF Neuenkirch"]
[Site "Verbandsklasse 2016/2017"]
[Date "2017.05.20"]
[Round "9.8"]
[White "Aschenbrenner, Günter"]
[Black "Thomann, Henning"]
[Result "0-1"]
[WhiteElo "1481"]
[BlackElo "1288"]
[PlyCount "112"]
[EventDate "2017.??.??"]
[SourceDate "2016.10.13"]

1. e4 d5 2. exd5 Qxd5 3. Nc3 Qa5 4. d4 c6 5. Bd3 Nf6 6. Bd2 Qd8 7. Be3 g6 8.
Qd2 Bg7 9. h3 O-O 10. Nf3 Re8 11. O-O-O Nbd7 12. Bh6 Nb6 13. Bxg7 Kxg7 14. Ne5
Be6 15. f4 Qxd4 16. Qe2 Qxf4+ 17. Kb1 Nbd5 18. Nxd5 Bxd5 19. Rhf1 Qh6 20. c4
Be6 21. Qf3 Qh5 22. Ng4 Bxg4 23. hxg4 Qxg4 24. Qf2 Rad8 25. Be2 Rxd1+ 26. Rxd1
Qf5+ 27. Qxf5 gxf5 28. Bf3 e6 29. Kc2 Kf8 30. Rd6 Ke7 31. c5 Rd8 32. Bxc6 Rxd6
33. cxd6+ Kxd6 34. Bxb7 Nd5 35. a3 a5 36. Kd3 Kc5 37. b3 h6 38. g3 h5 39. Bc8
Nb6 40. Bb7 Nd5 41. Bc8 f4 42. gxf4 Nxf4+ 43. Ke4 Ng6 44. b4+ axb4 45. axb4+
Kxb4 46. Kd4 h4 47. Ke4 Kc5 48. Kf3 Kc4 49. Kg4 Kc5 50. Bb7 Kd4 51. Bc8 e5 52.
Ba6 e4 53. Bf1 Ke3 54. Kg5 Kf2 55. Bc4 h3 56. Bxf7 h2 0-1

[Event "SK Münster 5 - SC Sendenhorst 1"]
[Site "Verbandsklasse 2016/2017"]
[Date "2017.05.20"]
[Round "9.1"]
[White "Korb, Andreas"]
[Black "Jensen, Sören"]
[Result "1/2-1/2"]
[WhiteElo "1984"]
[BlackElo "1734"]
[PlyCount "60"]
[EventDate "2017.??.??"]
[SourceDate "2016.10.13"]

1. e4 e5 2. Bc4 Nf6 3. d3 Nc6 4. Nf3 d5 5. exd5 Nxd5 6. O-O Bg4 7. Re1 f6 8. c3
Nb6 9. Bb3 Qd7 10. Be3 O-O-O 11. a4 Qxd3 12. Qxd3 Rxd3 13. a5 Nd7 14. Bc4 Rd6
15. b4 e4 16. Nd4 Nde5 17. Nxc6 Nxc4 18. Nxa7+ Kb8 19. Nb5 Rd5 20. N1a3 Nxe3
21. Rxe3 Bd7 22. c4 Rd3 23. Rxd3 exd3 24. c5 b6 25. a6 bxc5 26. a7+ Ka8 27.
Nxc7+ Kxa7 28. Nab5+ Kb7 29. Ra7+ Kc6 30. Ra6+ Kb7 1/2-1/2

[Event "SK Münster 5 - SC Sendenhorst 1"]
[Site "Verbandsklasse 2016/2017"]
[Date "2017.05.20"]
[Round "9.2"]
[White "Vogenauer, Nikolas"]
[Black "Teusner, Martin"]
[Result "1/2-1/2"]
[WhiteElo "1694"]
[BlackElo "1843"]
[PlyCount "123"]
[EventDate "2017.??.??"]
[SourceDate "2016.10.13"]

1. e4 d5 2. exd5 Qxd5 3. Nc3 Qa5 4. d4 Nc6 5. d5 Ne5 6. Qd4 Ng6 7. Bb5+ Bd7 8.
Bxd7+ Kxd7 9. Nf3 Nf6 10. Be3 h6 11. O-O Rd8 12. b4 Qa6 13. b5 Qa5 14. Nd2 e5
15. dxe6+ Kc8 16. Qc4 Ne5 17. Qb3 Bb4 18. Nde4 Nxe4 19. Nxe4 f5 20. Bc5 fxe4
21. Qxb4 Qxb4 22. Bxb4 Rhe8 23. Rfe1 Rxe6 24. Rxe4 Rde8 25. Rae1 Kd7 26. Rd1+
Kc8 27. Kf1 Nd7 28. Rxe6 Rxe6 29. Re1 Rxe1+ 30. Kxe1 Kd8 31. Ke2 Ke8 32. f4 Kf7
33. Kf3 g6 34. g4 Nf6 35. c4 Ke6 36. Bf8 Ng8 37. h3 c6 38. a4 cxb5 39. axb5 a6
40. bxa6 bxa6 41. Ke3 Kf7 42. Bb4 Nf6 43. Kd4 Ke6 44. Kc5 Ne4+ 45. Kb6 Kd7 46.
c5 Kc8 47. Be1 Nf6 48. Kxa6 h5 49. Bh4 hxg4 50. hxg4 Nxg4 51. Be7 Nh6 52. Kb6
Nf7 53. Kc6 Nh6 54. Kd6 Nf5+ 55. Ke6 Kc7 56. Bd6+ Kc6 57. Kf6 Nh4 58. Kg5 Ng2
59. Kg4 Ne3+ 60. Kf3 Nf5 61. Ke4 Nxd6+ 62. cxd6 1/2-1/2

[Event "SK Münster 5 - SC Sendenhorst 1"]
[Site "Verbandsklasse 2016/2017"]
[Date "2017.05.20"]
[Round "9.3"]
[White "Janz, Stefan"]
[Black "Peters, Helmut"]
[Result "1/2-1/2"]
[WhiteElo "1796"]
[BlackElo "2013"]
[PlyCount "41"]
[EventDate "2017.??.??"]
[SourceDate "2016.10.13"]

1. e4 c5 2. Nf3 d6 3. d4 cxd4 4. Nxd4 Nf6 5. Nc3 a6 6. Be2 e5 7. Nb3 Be7 8. a4
O-O 9. Bf3 Be6 10. Be3 Nbd7 11. a5 b5 12. g4 Nc5 13. Nxc5 dxc5 14. Qxd8 Rfxd8
15. g5 Ne8 16. Nd5 Bxd5 17. exd5 Rac8 18. b3 Nd6 19. Bg4 Rc7 20. O-O Ne4 21. f4
1/2-1/2

[Event "SK Münster 5 - SC Sendenhorst 1"]
[Site "Verbandsklasse 2016/2017"]
[Date "2017.05.20"]
[Round "9.4"]
[White "Meyborg, Matthias"]
[Black "Füllborn, Dietrich"]
[Result "1/2-1/2"]
[WhiteElo "1748"]
[BlackElo "1673"]
[PlyCount "108"]
[EventDate "2017.??.??"]
[SourceDate "2016.10.13"]

1. d4 Nf6 2. Nf3 e6 3. g3 d5 4. c4 Be7 5. Bg2 O-O 6. O-O Nbd7 7. cxd5 exd5 8.
Nc3 c6 9. Qc2 Re8 10. Bf4 Nh5 11. Bd2 g6 12. Rfe1 f5 13. Bh6 Bf6 14. e3 Bg7 15.
Bxg7 Kxg7 16. Na4 Nhf6 17. Nd2 Ne4 18. f3 Nxd2 19. Qxd2 Nb6 20. Nxb6 Qxb6 21.
Qc3 Bd7 22. b4 a5 23. Qc5 Qxb4 24. Qc2 b5 25. a3 Qd6 26. Kf2 Rec8 27. Rec1 b4
28. a4 Rcb8 29. Qb3 Re8 30. f4 Rec8 31. Rc5 Qe7 32. h4 h6 33. Rh1 Re8 34. Bf3
g5 35. Bh5 Rg8 36. Bf3 Qf6 37. Rcc1 Rae8 38. Rc5 Ra8 39. Rcc1 Rge8 40. Bh5 Re7
41. Bf3 Rae8 42. hxg5 hxg5 43. Rce1 g4 44. Bd1 Bc8 45. Bc2 Qd6 46. Rh5 Rh8 47.
Reh1 Rxh5 48. Rxh5 Rf7 49. Qb1 Rf6 50. Bxf5 Bxf5 51. Rxf5 Rxf5 52. Qxf5 b3 53.
Qxg4+ Qg6 54. Qd7+ Kh6 1/2-1/2

[Event "SK Münster 5 - SC Sendenhorst 1"]
[Site "Verbandsklasse 2016/2017"]
[Date "2017.05.20"]
[Round "9.5"]
[White "Weng, Peter"]
[Black "Schmitt, Konrad"]
[Result "1-0"]
[WhiteElo "1639"]
[BlackElo "1684"]
[PlyCount "83"]
[EventDate "2017.??.??"]
[SourceDate "2016.10.13"]

1. e4 e5 2. Nc3 Nf6 3. f4 d6 4. Nf3 Bg4 5. Bc4 c6 6. O-O Be7 7. fxe5 dxe5 8.
Bxf7+ Kf8 9. Bb3 Qc7 10. Qe1 Bxf3 11. Rxf3 Nbd7 12. a3 g6 13. d3 Kg7 14. Qh4
Rhd8 15. Bg5 Qd6 16. Raf1 Re8 17. Nd1 Rf8 18. Qh6+ Kh8 19. Rh3 Nh5 20. Bxe7
Qxe7 21. Rxf8+ Rxf8 22. Qe3 b6 23. Rf3 Kg7 24. Rxf8 Qxf8 25. g3 Qc5 26. Qxc5
Nxc5 27. Ba2 Nf6 28. Ne3 Kf8 29. Kf2 Ke7 30. Kf3 Ne6 31. Bxe6 Kxe6 32. c3 Nd7
33. d4 Nf6 34. Ng4 Nd7 35. Ke3 b5 36. Nxe5 Nxe5 37. dxe5 Kxe5 38. b4 g5 39. h4
gxh4 40. gxh4 h5 41. Kf3 a6 42. Ke3 1-0

[Event "SK Münster 5 - SC Sendenhorst 1"]
[Site "Verbandsklasse 2016/2017"]
[Date "2017.05.20"]
[Round "9.6"]
[White "Kamp, Aaron"]
[Black "Specht, Bernfried"]
[Result "0-1"]
[WhiteElo "1775"]
[BlackElo "1708"]
[PlyCount "30"]
[EventDate "2017.??.??"]
[SourceDate "2016.10.13"]

1. e4 c5 2. d4 cxd4 3. c3 d3 4. Bxd3 Nc6 5. Nf3 d6 6. O-O g6 7. Re1 Bg7 8. Bf4
Bg4 9. Bb5 e5 10. Bg3 h5 11. h3 h4 12. hxg4 hxg3 13. fxg3 Qb6+ 14. Nd4 exd4 15.
Bxc6+ bxc6 0-1

[Event "SK Münster 5 - SC Sendenhorst 1"]
[Site "Verbandsklasse 2016/2017"]
[Date "2017.05.20"]
[Round "9.7"]
[White "Westhues, Ralf"]
[Black "Schlagheck, Thomas"]
[Result "1/2-1/2"]
[WhiteElo "1614"]
[BlackElo "1654"]
[PlyCount "61"]
[EventDate "2017.??.??"]
[SourceDate "2016.10.13"]

1. Nf3 d5 2. c4 Nf6 3. g3 Bf5 4. cxd5 Qxd5 5. Bg2 e6 6. O-O Nc6 7. d3 Qd8 8.
Qb3 Rb8 9. Nc3 Be7 10. Bf4 a6 11. Rfd1 O-O 12. Qa4 Bg6 13. Rac1 Bd6 14. a3 Bxf4
15. Qxf4 Qd7 16. b4 Rfc8 17. d4 Nh5 18. Qe3 Ne7 19. Ne5 Qe8 20. d5 exd5 21.
Nxd5 Nxd5 22. Bxd5 Nf6 23. Bf3 c6 24. Qf4 Rd8 25. h4 Qe6 26. Nxg6 hxg6 27. Qc7
Rdc8 28. Qd6 Qe8 29. Qd4 Qd8 30. e3 Qc7 31. Qd6 1/2-1/2

[Event "SK Münster 5 - SC Sendenhorst 1"]
[Site "Verbandsklasse 2016/2017"]
[Date "2017.05.20"]
[Round "9.8"]
[White "Dietrich, Johannes"]
[Black "Göntgens, Werner"]
[Result "0-1"]
[WhiteElo "1701"]
[BlackElo "1592"]
[PlyCount "88"]
[EventDate "2017.??.??"]
[SourceDate "2016.10.13"]

1. Nf3 b6 2. g3 Bb7 3. Bg2 e6 4. O-O Ne7 5. b3 Ng6 6. Bb2 d6 7. d4 d5 8. Nbd2
Be7 9. c4 c6 10. Qc2 Nd7 11. Rac1 Rc8 12. e4 O-O 13. Qb1 Re8 14. Rfe1 Ndf8 15.
h4 Bb4 16. Red1 a6 17. a3 Be7 18. h5 Nh8 19. Re1 Nd7 20. e5 b5 21. c5 Bg5 22.
Rcd1 Bxd2 23. Rxd2 Nf8 24. Bc1 Rc7 25. Rdd1 h6 26. Bd2 f6 27. Ba5 Nh7 28. Bh3
Bc8 29. Rd3 Qe7 30. Bxc7 Qxc7 31. Qd1 Qf7 32. Nd2 f5 33. Bg2 Rf8 34. f4 Qe7 35.
b4 Bd7 36. Bf3 Ng5 37. fxg5 Qxg5 38. Nf1 Be8 39. Qe2 f4 40. Bg4 g6 41. Bxe6+
Kh7 42. Qg4 Qe7 43. gxf4 gxh5 44. Qg8+ Rxg8+ 0-1